Library Banner

The perfection of YOGA (Record no. 52814)

MARC details
000 -LEADER
fixed length control field 00425nam a2200169Ia 4500
001 - CONTROL NUMBER
control field 55476
008 - FIXED-LENGTH DATA ELEMENTS--GENERAL INFORMATION
fixed length control field 140505s9999 xx 000 0 und d
020 ## - INTERNATIONAL STANDARD BOOK NUMBER
International Standard Book Number NA
040 ## - CATALOGING SOURCE
Transcribing agency PK-LaUMT
082 ## - DEWEY DECIMAL CLASSIFICATION NUMBER
Classification number MAL 181.5
Item number BHA-P
100 ## - MAIN ENTRY--PERSONAL NAME
Personal name Bhaktivedanta, A. C.
245 #4 - TITLE STATEMENT
Title The perfection of YOGA
Statement of responsibility, etc Bhaktivedanta, A. C.
260 ## - PUBLICATION, DISTRIBUTION, ETC. (IMPRINT)
Place of publication, distribution, etc New York,USA:
Name of publisher, distributor, etc Bhaktivedant a Book Trust,
Date of publication, distribution, etc 1972
300 ## - PHYSICAL DESCRIPTION
Extent 56 p.
546 ## - LANGUAGE NOTE
Language note EN
942 ## - ADDED ENTRY ELEMENTS (KOHA)
Koha item type Books
Holdings
Withdrawn status Lost status Damaged status Not for loan Home library Current library Date acquired Total Checkouts Full call number Barcode Date last seen Price effective from Koha item type
        UMT Main Campus UMT Main Campus 2014-05-05   MAL 181.5 BHA-P 75805 2014-05-08 2014-05-08 Books